New approaches to the integration of hydro-acoustic positioning with SatNav. Proceedings of Oceanology International 84 Conference, Brighton, March 1984 (Record no. 98263)

MARC details
000 -LEADER
fixed length control field 00570cam a2200181 4500
001 - CONTROL NUMBER
control field D10440
008 - FIXED-LENGTH DATA ELEMENTS--GENERAL INFORMATION
fixed length control field 090401t xxu||||| |||| 00| 0 eng d
035 ## - SYSTEM CONTROL NUMBER
System control number (Sirsi) u95028
041 ## - LANGUAGE CODE
Language code of text/sound track or separate title eng
050 ## - LIBRARY OF CONGRESS CALL NUMBER
Classification number 526.990285
100 ## - MAIN ENTRY--PERSONAL NAME
Personal name Cook, P.L.
245 ## - TITLE STATEMENT
Title New approaches to the integration of hydro-acoustic positioning with SatNav. Proceedings of Oceanology International 84 Conference, Brighton, March 1984
350 ## - PRICE (NR) (BK AM CF MU VM SE) [OBSOLETE]
Price 0
520 ## - SUMMARY, ETC.
Summary, etc. In RICS Land surveyors information package 11: acoustic positioning
700 ## - ADDED ENTRY--PERSONAL NAME
Personal name New, R.J.
942 ## - ADDED ENTRY ELEMENTS (KOHA)
Suppress in OPAC 0
948 ## - LOCAL PROCESSING INFORMATION (OCLC); SERIES PART DESIGNATOR (RLIN)
c (OCLC) 04/03/1997
Holdings
Withdrawn status Lost status Source of classification or shelving scheme Damaged status Not for loan Home library Current library Shelving location Date acquired Total Checkouts Full call number Barcode Date last seen Copy number Price effective from Koha item type
    Other/Generic Classification Scheme     London London Folio 30/08/2002   F526.990285 95028-1001 06/08/2019 1 06/08/2019 Reference material